Planificación estratégica: fundamentos y herramientas de actuación / Elsa Marcela Rodríguez y otros cuatro (Registro nro. 20187)

Detalles MARC
000 -LEADER
fixed length control field 00828nam a2200277Ia 4500
001 - CONTROL NUMBER
control field 19554
003 - CONTROL NUMBER IDENTIFIER
control field DO-CoUTE
005 - DATE AND TIME OF LATEST TRANSACTION
control field 20260204212535.0
008 - FIXED-LENGTH DATA ELEMENTS--GENERAL INFORMATION
fixed length control field 220104s9999 dr 000 0 spa d
020 ## - INTERNATIONAL STANDARD BOOK NUMBER
International Standard Book Number 978-987-591-732-3
040 ## - CATALOGING SOURCE
Original cataloging agency DO-CoUTE
Language of cataloging spa
Transcribing agency DO-CoUTE
041 0# - LANGUAGE CODE
Language code of text/sound track or separate title spa
082 ## - DEWEY DECIMAL CLASSIFICATION NUMBER
Classification number 361.3 R696p
100 1# - MAIN ENTRY--PERSONAL NAME
Personal name Rodríguez, Elsa Marcela
245 10 - TITLE STATEMENT
Title Planificación estratégica: fundamentos y herramientas de actuación / Elsa Marcela Rodríguez y otros cuatro
260 ## - PUBLICATION, DISTRIBUTION, ETC.
Place of publication, distribution, etc. Córdoba, Argentina: Editorial Brujas
300 ## - PHYSICAL DESCRIPTION
Extent 229 páginas
650 #4 - SUBJECT ADDED ENTRY--TOPICAL TERM
Topical term or geographic name entry element Trabajo social
700 1# - ADDED ENTRY--PERSONAL NAME
Personal name Camisasso, Mónica B.
700 1# - ADDED ENTRY--PERSONAL NAME
Personal name Eula, Mónica L.
700 1# - ADDED ENTRY--PERSONAL NAME
Personal name Maniaci, Alejandro
700 1# - ADDED ENTRY--PERSONAL NAME
Personal name Taborda M., Alberto
942 ## - ADDED ENTRY ELEMENTS (KOHA)
Source of classification or shelving scheme Dewey Decimal Classification
Koha item type Libros
Existencias
Withdrawn status Lost status Source of classification or shelving scheme Damaged status Not for loan Collection code Home library Current library Date acquired Inventory number Total Checkouts Full call number Barcode Date last seen Copy number Price effective from Koha item type
    Dewey Decimal Classification     Colección General Biblioteca UTECO Biblioteca UTECO 01/02/2021 019402   361.3 R696p 019402 03/30/2022 Ej.1 01/03/2021 Libros
    Dewey Decimal Classification     Colección General Biblioteca UTECO Biblioteca UTECO 01/02/2021 019481   361.3 R696p 019481 03/30/2022 Ej.2 01/03/2021 Libros
© 2021 Derechos Reservados UTECO - Teléfono: +1 809-585-2291 - Correo electrónico: biblioteca@uteco.edu.do​  
Código postal 43000 ​​
Dirección: Avenida Universitaria No. 100, 
Cotuí, Provincia Sánchez Ramírez, República Dominicana - RNC: 404-00059-6